CO MOŻEMY KUPIĆ NA STACJI BENZYNOWEJ? - Statystyki

Ogólne statystyki
  • Ten quiz został rozwiązany 170 razy
  • Średni wynik to 3 z 6
Statystyki odpowiedzi
Odpowiedź % Poprawnych
PALIWO
95%
PAPIEROSY
55%
ALKOHOL
54%
KAWĘ
34%
PŁYN DO SPRYSKIWACZY
32%
HOT-DOGI
27%
Nie znaleziono quizów pasujących do podanych kryteriów
Rozkład punktacji
Procent ludzi z każdym wynikiem
Percentyl według liczby udzielonych odpowiedzi
Twoja historia wyników
Nie rozwiązałeś tego quizu